000 00704nam a2200277Ia 4500
005 20260320195912.0
008 008 262003s9999 xx 000 0 hin d
020 _a9788126722822
037 _aEBOOK
040 _aCRL
040 _bhin
040 _cCRL
041 _2hin
041 _ahin
084 _qCRL
100 _aआशारानी वोहरा
_91133498
245 0 _aयाह जीवन अर्पित बच्चों को
250 _a1st
260 _bRajkamal
260 _c2024
300 _a28
856 _uhttps://ebook.indiaread.in/pdfs/1426_yeh_jeevan_arpit_bachon_ko.pdf
942 _cEBOOK
999 _c1717099
_d1717099